| 000 | 00926nac a22003137a 4500 | ||
|---|---|---|---|
| 001 | BR0503693 | ||
| 003 | BR-BrBNA | ||
| 005 | 20240105123158.0 | ||
| 008 | 230509b bl.|||m| |||| 00| 0 por d | ||
| 040 |
_aBR-BrBNA _bpor _cBiblioteca Nacional de Agricultura |
||
| 072 | _aE16; E71 | ||
| 090 | _aE16 BR0503693 | ||
| 110 | 1 |
_aConfederação da Agricultura e Pecuária do Brasil, Brasília, DF (Brasil) _92548 |
|
| 245 | 1 | _aIndicadores Rurais | |
| 260 | 3 |
_aBrasília, DF (Brasil): _c2005. |
|
| 300 | _a6 p. | ||
| 490 |
_aIndicadores Rurais (Brazil) _vv. 9(60) _xISSN |
||
| 500 | _a5 illus. | ||
| 650 | _aPECUÁRIA | ||
| 650 | _aAGRICULTURA | ||
| 650 | _aAGRONEGÓCIO | ||
| 650 | _aBALANÇA COMERCIAL | ||
| 650 | _aESTATÍSTICA DE PRODUÇÃO | ||
| 650 | _aMERCADO MUNDIAL | ||
| 650 | _aECONOMIA | ||
| 650 | _aPRODUTO INTERNO BRUTO | ||
| 909 |
_a202312 _bLúcia Elande _c55 _dLúcia Elande |
||
| 942 |
_2AGRIS _n0 _cMS |
||
| 999 |
_c294325 _d294325 |
||